000 00317nam a22001337a 4500
008 171030b xxu||||| |||| 00| 0 eng d
020 _a9780256088557
041 _aeng
080 _26 ED
_a33
100 _a58
101 _aBUS
245 _aINFORMATION SYSTEMS BUSSINESS MANAGEMENT
_cJAMES.AO
942 _2udc
_cBK
999 _c36582
_d36582